000 00507nam a2200181Ia 4500
005 20260429111959.0
008 260429s9999||||xx |||||||||||||| ||und||
020 _a9798886130652
041 _aEnglish
082 _a531
_bHAB
100 _aHaberzettl, Helmut
245 0 _aClassical mechanics :
_blecture notes /
_cHelmut Haberzettl
260 _aSingapore :
_bWorld Scientific Publishing,
_c2024.
300 _axiii, 369 p.; pbk
650 _a Classical mechanics
650 _aPhysics
942 _cTB
999 _c51728
_d51728